000 01181cam a2200397 i 4500
001 0000819
003 DO-SdBPM
005 20260316114523.0
007 ta
008 100514s 2009 sp a | |||| 000 f spa
015 _a
017 _a
_b
020 _a9789681910105
035 _a
040 _aDO-SdBPM
_bspa
_cBPMSU
_e rda
080 _a
082 0 4 _a823.91
_bA545m 2009
_222
100 1 _aAnderson, Rachel
_d1943-
_4aut.
_eautor
245 1 4 _aLos mejores amigos /
_cRachel Anderson ; ilustraciones Shelagh McNicholas ; traducción P. Rozarena
_h
264 _aMéxico :
_bAlfaguara,
_c2009.
300 _a62 páginas :
_bilustración
_c20 cm.
336 _atexto
_btxt
_2rdacontent
337 _asin mediación
_bn
_2rdamedia
338 _avolumen
_bn
_2rdacarrier
490 0 _aAlfaguara infantil
500 _aA partir de 6 años.
521 _a
590 _aInventariado, 2026/VM
600 _2
650 7 _aCuentos infantiles ingleses
650 7 _aAmistad
_vCuentos infantiles
650 7 _aLibros ilustrados para niños
700 1 _aRozarena, P.
_etraductor
910 _aVMateo V. Control de calidad. BPMSU
942 _2ddc
_cBK
999 _c11944
_d11944